[Event "Ruhrgebiet Verbandsklasse Gruppe 3 1718"]
[Site "Germany"]
[Date "2018.02.25"]
[Round "7.7"]
[White "Nowicki, Heiko"]
[Black "Strohmann, Andreas"]
[Result "0-1"]
[WhiteElo "1817"]
[BlackElo "1831"]
[PlyCount "38"]
[EventDate "2017.09.17"]
[EventType "team-tourn"]
[EventRounds "9"]
[EventCountry "GER"]
[SourceTitle "EXT 2022"]
[Source "ChessBase"]
[SourceDate "2021.10.06"]
[SourceVersion "1"]
[SourceVersionDate "2021.10.06"]
[SourceQuality "1"]
[WhiteTeam "Wanne-Eickel SV Unser Fritz"]
[BlackTeam "Buer Hassel"]
[WhiteTeamCountry "GER"]
[BlackTeamCountry "GER"]

1. e4 d5 2. exd5 Nf6 3. d4 Nxd5 4. c4 Nb6 5. Nc3 e5 6. dxe5 Qxd1+ 7. Nxd1 Nc6 8. Bf4 Bb4+ 9. Nc3 Na4 10. 0-0-0 Bxc3 11. bxc3 Nxc3 12. Rd2 Bf5 13. Nf3 Ne4 14. Rb2 0-0-0 15. h3 Rd7 16. g4 Be6 17. Be3 Rhd8 18. Be2 Nc3 19. c5 Nxe2+ 0-1

[Event "Ruhrgebiet Verbandsklasse Gruppe 3 1415"]
[Site "Germany"]
[Date "2015.02.22"]
[Round "7.8"]
[White "Nowicki, Heiko"]
[Black "Ziperstein, Jakob"]
[Result "0-1"]
[WhiteElo "1875"]
[BlackElo "1861"]
[PlyCount "94"]
[EventDate "2014.09.21"]
[EventType "team-tourn"]
[EventRounds "9"]
[EventCountry "GER"]
[SourceTitle "EXT 2022"]
[Source "ChessBase"]
[SourceDate "2021.10.06"]
[SourceVersion "1"]
[SourceVersionDate "2021.10.06"]
[SourceQuality "1"]
[WhiteTeam "Wanne-Eickel SV Unser Fritz"]
[BlackTeam "Dortmund FS"]
[WhiteTeamCountry "GER"]
[BlackTeamCountry "GER"]

1. e4 g6 2. d3 Bg7 3. Nf3 d6 4. Nbd2 Nf6 5. g3 0-0 6. Bg2 e5 7. 0-0 Nc6 8. a4 a5 9. Nc4 Be6 10. Ne3 Qd7 11. Ng5 Bh6 12. Nxe6 fxe6 13. Bh3 Rae8 14. c3 Nd8 15. Qb3 b6 16. Ng4 Bxc1 17. Raxc1 Nxg4 18. Bxg4 Rf6 19. Rcd1 Qg7 20. f4 Ref8 21. fxe5 Rxf1+ 22. Rxf1 Rxf1+ 23. Kxf1 Qxe5 24. Qc4 Qf6+ 25. Kg2 Qf7 26. d4 Kg7 27. h4 e5 28. d5 Qe7 29. Qa6 h5 30. Bh3 g5 31. Bf5 gxh4 32. gxh4 Qxh4 33. Qc8 Qg5+ 34. Kf3 Qe7 35. b4 Nf7 36. bxa5 bxa5 37. Qa6 Qg5 38. Qxa5 Qf4+ 39. Ke2 h4 40. Qxc7 h3 41. Bxh3 Qh2+ 42. Bg2 Qxg2+ 43. Ke3 Qg1+ 44. Kd3 Qd1+ 45. Ke3 Qxa4 46. c4 Qa3+ 47. Ke2 Qc5 0-1

[Event "Ruhrgebiet VK2 0910"]
[Site "Ruhrgebiet"]
[Date "2010.01.10"]
[Round "5.4"]
[White "Bauriedel, Friedrich"]
[Black "Nowicki, Heiko"]
[Result "1/2-1/2"]
[WhiteElo "1867"]
[BlackElo "2064"]
[PlyCount "86"]
[EventDate "2009.09.06"]
[EventType "team"]
[EventRounds "9"]
[EventCountry "GER"]
[SourceTitle "EXT 2011"]
[Source "ChessBase"]
[SourceDate "2010.11.26"]
[SourceVersion "1"]
[SourceVersionDate "2010.11.26"]
[SourceQuality "1"]
[WhiteTeam "Germania Kupferdreh"]
[BlackTeam "Unser Fritz"]
[WhiteTeamCountry "GER"]
[BlackTeamCountry "GER"]

1. d3 g6 2. g3 Bg7 3. Bg2 d6 4. e4 c5 5. Ne2 Nc6 6. 0-0 Nf6 7. Nbc3 Rb8 8. a4 a6 9. f4 0-0 10. h3 Nd4 11. Nxd4 cxd4 12. Ne2 Ne8 13. f5 Nc7 14. Bd2 d5 15. Bf4 dxe4 16. dxe4 e5 17. fxe6 Bxe6 18. Qd2 Rc8 19. Kh2 Bc4 20. Rfd1 Ne6 21. Qe1 Bxe2 22. Qxe2 g5 23. Bc1 Qc7 24. Rd2 Be5 25. Qg4 Kg7 26. Ra3 h6 27. Rf2 Qd6 28. Bf1 Rc7 29. Raf3 f6 30. b3 Rc3 31. Ba3 Qxa3 32. Qxe6 Rxf3 33. Rxf3 Qc1 34. Qc4 Qd2+ 35. Kg1 Rf7 36. Qd3 Qxd3 37. Bxd3 h5 38. g4 hxg4 39. hxg4 Kg6 40. Rh3 Rh7 41. Rxh7 Kxh7 42. Kg2 Kg6 43. Kf3 Kf7 1/2-1/2

[Event "Ruhrgebiet VL1 0405"]
[Site "Ruhrgebiet"]
[Date "2004.11.28"]
[Round "4.3"]
[White "Romczik, Detlef"]
[Black "Nowicki, Heiko"]
[Result "1/2-1/2"]
[WhiteElo "1953"]
[BlackElo "1962"]
[PlyCount "100"]
[EventDate "2004.09.12"]
[EventType "team"]
[EventRounds "9"]
[EventCountry "GER"]
[SourceTitle "EXT 2006"]
[Source "ChessBase"]
[SourceDate "2005.11.24"]
[SourceVersion "1"]
[SourceVersionDate "2005.11.24"]
[SourceQuality "1"]
[WhiteTeam "Dortmund Kleiner Koenig"]
[BlackTeam "Laeufer Wanne Eickel"]
[WhiteTeamCountry "GER"]
[BlackTeamCountry "GER"]

1. Nf3 Nf6 2. d4 g6 3. c4 Bg7 4. Nc3 0-0 5. e3 d6 6. Be2 Nbd7 7. 0-0 e5 8. dxe5 dxe5 9. e4 c6 10. Qc2 Qc7 11. Re1 Re8 12. b4 Nf8 13. Bb2 Bg4 14. Nd1 Bxf3 15. Bxf3 Ne6 16. c5 Nd4 17. Bxd4 exd4 18. Nb2 Nd7 19. Rad1 a5 20. a3 axb4 21. axb4 Ra3 22. Rd3 Rea8 23. Rxa3 Rxa3 24. Be2 Rc3 25. Qd2 b5 26. Ra1 h5 27. f4 Nf8 28. Bd3 Ne6 29. g3 Kh7 30. e5 Bh6 31. Nd1 Rc4 32. Bxc4 bxc4 33. Qc2 c3 34. Nf2 Qb7 35. Qa4 Kg7 36. Ne4 Qd7 37. Nd6 Nxf4 38. Rf1 Nh3+ 39. Kh1 Ng5 40. Qa8 Kh7 41. Qa2 Kg7 42. Qc4 Qg4 43. Qd3 Qe6 44. Qxd4 c2 45. Qd2 Qb3 46. e6 Nf3 47. Ne8+ Kh7 48. Nf6+ Kg7 49. Ne8+ Kh7 50. Nf6+ Kg7 1/2-1/2

[Event "Ruhrgebiet VL1 0405"]
[Site "Ruhrgebiet"]
[Date "2004.11.07"]
[Round "3.3"]
[White "Nowicki, Heiko"]
[Black "Schneider, Markus"]
[Result "1/2-1/2"]
[WhiteElo "1962"]
[BlackElo "1995"]
[PlyCount "103"]
[EventDate "2004.09.12"]
[EventType "team"]
[EventRounds "9"]
[EventCountry "GER"]
[SourceTitle "EXT 2006"]
[Source "ChessBase"]
[SourceDate "2005.11.24"]
[SourceVersion "1"]
[SourceVersionDate "2005.11.24"]
[SourceQuality "1"]
[WhiteTeam "Laeufer Wanne Eickel"]
[BlackTeam "Mengede SG"]
[WhiteTeamCountry "GER"]
[BlackTeamCountry "GER"]

1. e4 c5 2. Nf3 d6 3. d3 b6 4. g3 Bb7 5. Bg2 Nf6 6. Nbd2 g6 7. 0-0 Bg7 8. c3 0-0 9. Re1 Nbd7 10. a4 a6 11. d4 Qc7 12. Qb3 e6 13. h3 Rac8 14. e5 dxe5 15. dxe5 Nd5 16. Nc4 Bc6 17. Nd6 Rb8 18. c4 Ne7 19. Ne4 Bxe4 20. Rxe4 Nc6 21. Bf4 Ndxe5 22. Kh1 f6 23. h4 Rbd8 24. Nxe5 fxe5 25. Be3 Rd6 26. Qc2 Rfd8 27. Qe2 Qd7 28. Qg4 Rd1+ 29. Rxd1 Qxd1+ 30. Kh2 Qxg4 31. Rxg4 Rd6 32. h5 Kf7 33. hxg6+ hxg6 34. Be4 Nd4 35. Bxg6+ Kf8 36. Be4 Nf5 37. Bg5 Kf7 38. Bf3 Rd4 39. Rxd4 exd4 40. Bd8 d3 41. b3 Nd4 42. Bd1 Ne2 43. Bxb6 Bd4 44. Kg2 Nc3 45. Bh5+ Ke7 46. Ba5 Na2 47. Kf1 e5 48. Bd2 Kf6 49. Bf3 Nc3 50. Bxc3 Bxc3 51. Be4 d2 52. Ke2 1/2-1/2

[Event "Ruhrgebiet VL1 0405"]
[Site "Ruhrgebiet"]
[Date "2004.09.12"]
[Round "1.4"]
[White "Goschin, Andreas"]
[Black "Nowicki, Heiko"]
[Result "1-0"]
[WhiteElo "2106"]
[BlackElo "1962"]
[PlyCount "95"]
[EventDate "2004.09.12"]
[EventType "team"]
[EventRounds "9"]
[EventCountry "GER"]
[SourceTitle "EXT 2006"]
[Source "ChessBase"]
[SourceDate "2005.11.24"]
[SourceVersion "1"]
[SourceVersionDate "2005.11.24"]
[SourceQuality "1"]
[WhiteTeam "Laeufer Ost"]
[BlackTeam "Laeufer Wanne Eickel"]
[WhiteTeamCountry "GER"]
[BlackTeamCountry "GER"]

1. d4 Nf6 2. Nf3 g6 3. g3 Bg7 4. Bg2 d6 5. 0-0 0-0 6. c4 c6 7. Nc3 Qa5 8. Qd3 Qa6 9. b3 d5 10. Ne5 Be6 11. cxd5 Qxd3 12. Nxd3 Nxd5 13. Nxd5 Bxd5 14. e3 Bxg2 15. Kxg2 Nd7 16. Ba3 Rfe8 17. Rac1 a5 18. Rc2 e5 19. dxe5 Nxe5 20. Nxe5 Bxe5 21. Rd1 Rad8 22. Rcd2 Bc7 23. Rd7 Rxd7 24. Rxd7 Rc8 25. f4 b6 26. Kf3 c5 27. e4 h5 28. e5 Kf8 29. Bb2 Bd8 30. a4 Be7 31. Rd2 Rd8 32. Rxd8+ Bxd8 33. Ke4 Ke7 34. Kd5 Kd7 35. h3 Be7 36. g4 hxg4 37. hxg4 Bh4 38. f5 gxf5 39. gxf5 Bf2 40. Bc1 Bg1 41. Bf4 Bd4 42. e6+ fxe6+ 43. fxe6+ Kd8 44. Bd6 Be3 45. Kc6 Ke8 46. Bc7 Bd2 47. Bxb6 Ke7 48. Kd5 1-0

[Event "Ruhrgebiet VL1 0304"]
[Site "Ruhrgebiet"]
[Date "2004.04.25"]
[Round "9.5"]
[White "Olf, Hans Helmut"]
[Black "Nowicki, Heiko"]
[Result "0-1"]
[WhiteElo "2033"]
[BlackElo "1965"]
[PlyCount "108"]
[EventDate "2003.09.28"]
[EventType "team"]
[EventRounds "9"]
[EventCountry "GER"]
[SourceTitle "EXT 2007"]
[Source "ChessBase"]
[SourceDate "2006.11.23"]
[SourceVersion "1"]
[SourceVersionDate "2006.11.23"]
[SourceQuality "1"]
[WhiteTeam "Welper SV"]
[BlackTeam "Laeufer Wanne Eickel"]
[WhiteTeamCountry "GER"]
[BlackTeamCountry "GER"]

1. Nf3 Nf6 2. c4 g6 3. Nc3 Bg7 4. g3 d6 5. Bg2 0-0 6. 0-0 c6 7. d3 Nbd7 8. Rb1 a5 9. a3 e5 10. e4 Re8 11. b4 axb4 12. axb4 Nf8 13. b5 Bg4 14. h3 Bxf3 15. Bxf3 Ne6 16. Be3 Nd4 17. Bxd4 exd4 18. Ne2 Nd7 19. bxc6 bxc6 20. Bg2 Ra3 21. f4 Qc7 22. Rf2 Nc5 23. Nc1 Rea8 24. Bf1 Na4 25. Rb3 Ra1 26. Qc2 Qa5 27. Rb1 Nc3 28. Nb3 Rxb1 29. Nxa5 Rxa5 30. Kg2 Raa1 31. Kf3 Rxf1 32. Rxf1 Rxf1+ 33. Kg2 Ra1 34. Qb3 Rb1 35. Qa3 Bf8 36. Qa8 c5 37. f5 Rd1 38. fxg6 hxg6 39. h4 Rxd3 40. h5 gxh5 41. Qd8 Nxe4 42. Qe8 Rxg3+ 43. Kh2 Re3 44. Qc8 Nf6 45. Qf5 Ng4+ 46. Kg1 Re5 47. Qf3 Bh6 48. Qa8+ Kg7 49. Qf3 Be3+ 50. Kg2 d3 51. Qc6 Re6 52. Qd5 Ne5 53. Qe4 Rg6+ 54. Kh3 d2 0-1

[Event "Ruhrgebiet VL1 0304"]
[Site "Ruhrgebiet"]
[Date "2004.02.08"]
[Round "6.4"]
[White "Ebert, Manfred"]
[Black "Nowicki, Heiko"]
[Result "1/2-1/2"]
[WhiteElo "1989"]
[BlackElo "1965"]
[PlyCount "108"]
[EventDate "2003.09.28"]
[EventType "team"]
[EventRounds "9"]
[EventCountry "GER"]
[SourceTitle "EXT 2007"]
[Source "ChessBase"]
[SourceDate "2006.11.23"]
[SourceVersion "1"]
[SourceVersionDate "2006.11.23"]
[SourceQuality "1"]
[WhiteTeam "Altstadt RE"]
[BlackTeam "Laeufer Wanne Eickel"]
[WhiteTeamCountry "GER"]
[BlackTeamCountry "GER"]

1. c4 g6 2. g3 Bg7 3. Bg2 d6 4. d4 Nf6 5. Nc3 0-0 6. Nf3 c6 7. 0-0 Qa5 8. e4 Bg4 9. h3 Bxf3 10. Bxf3 Nfd7 11. Be3 a6 12. Qd2 c5 13. Rfd1 Nc6 14. Ne2 Qd8 15. a4 Rc8 16. Rac1 cxd4 17. Nxd4 Nce5 18. Be2 Nc5 19. Qc2 Qd7 20. b4 Nxa4 21. Kg2 b5 22. Qb3 Nxc4 23. Bxc4 bxc4 24. Qa3 c3 25. Ra1 Nb2 26. Rdc1 Nc4 27. Qxa6 Nxe3+ 28. fxe3 Bh6 29. Qd3 Qb7 30. b5 Rc5 31. Rxc3 Rxc3 32. Qxc3 Qxe4+ 33. Kf2 e5 34. Nc6 d5 35. Rd1 Re8 36. Qd3 Qa4 37. Qxd5 Qa3 38. Rd3 Qb2+ 39. Rd2 Qc3 40. Qd3 Qc5 41. Re2 Qb6 42. Ra2 Qc5 43. g4 Bg5 44. Rc2 Qb6 45. Qb3 Re6 46. Ke2 Re8 47. Ra2 Bxe3 48. Ra6 Qc5 49. Qxe3 Qxb5+ 50. Qd3 Qb2+ 51. Qd2 Qb5+ 52. Qd3 Qb2+ 53. Qd2 Qb7 54. Qa5 Qb2+ 1/2-1/2

[Event "Ruhrgebiet Regionalliga 0001"]
[Site "Ruhrgebiet"]
[Date "2001.04.22"]
[Round "9"]
[White "Ciornei, Dragos"]
[Black "Nowicki, Heiko"]
[Result "1/2-1/2"]
[WhiteElo "2159"]
[BlackElo "2002"]
[PlyCount "68"]
[EventDate "2000.09.17"]
[EventType "team-tourn"]
[EventRounds "11"]
[EventCountry "GER"]
[SourceTitle "EXT 2024"]
[Source "ChessBase"]
[SourceDate "2023.10.10"]
[SourceVersion "1"]
[SourceVersionDate "2023.10.10"]
[SourceQuality "1"]
[WhiteTeam "Oberhausen SV"]
[BlackTeam "Laeufer Wanne Eickel"]
[WhiteTeamCountry "GER"]
[BlackTeamCountry "GER"]

1. e4 c5 2. Nf3 Nc6 3. d4 cxd4 4. Nxd4 Qb6 5. c3 e5 6. Nf5 Nf6 7. Nd2 d5 8. exd5 Bxf5 9. dxc6 Bc5 10. Qf3 Bg4 11. Qg3 0-0 12. Bc4 Qxc6 13. 0-0 b5 14. Bd3 Rad8 15. h3 Bh5 16. Re1 Rfe8 17. Ne4 Nxe4 18. Bxe4 Qe6 19. Be3 Bxe3 20. Qxe3 a6 21. f3 Bg6 22. Bxg6 Qxg6 23. Rad1 Rd6 24. Rxd6 Qxd6 25. Re2 Qd1+ 26. Kh2 f6 27. Rd2 Qc1 28. Qd3 h6 29. Qd7 Kf8 30. Qd6+ Kf7 31. Qd5+ Kf8 32. Qc5+ Kg8 33. Qd5+ Kf8 34. Qc5+ Kg8 1/2-1/2

[Event "Ruhrgebiet Regionalliga 0001"]
[Site "Ruhrgebiet"]
[Date "2001.02.11"]
[Round "6"]
[White "Nowicki, Heiko"]
[Black "Duengen, Wolfgang"]
[Result "0-1"]
[WhiteElo "2002"]
[BlackElo "2081"]
[PlyCount "62"]
[EventDate "2000.09.17"]
[EventType "team-tourn"]
[EventRounds "11"]
[EventCountry "GER"]
[SourceTitle "EXT 2024"]
[Source "ChessBase"]
[SourceDate "2023.10.10"]
[SourceVersion "1"]
[SourceVersionDate "2023.10.10"]
[SourceQuality "1"]
[WhiteTeam "Laeufer Wanne Eickel"]
[BlackTeam "Dortmund Hansa II"]
[WhiteTeamCountry "GER"]
[BlackTeamCountry "GER"]

1. e4 e6 2. d3 d5 3. Nd2 Nc6 4. Ngf3 Nf6 5. e5 Nd7 6. d4 Be7 7. c3 f6 8. Bd3 0-0 9. Qe2 fxe5 10. Nxe5 Ncxe5 11. dxe5 Nc5 12. Bc2 Qe8 13. Nf3 b6 14. Bg5 Ba6 15. Qe3 Bxg5 16. Nxg5 h6 17. Nf3 Qb5 18. 0-0-0 Qc4 19. Kb1 Qf4 20. Qe1 Ne4 21. h4 c5 22. h5 Ng5 23. Nxg5 Qxg5 24. g3 Rf3 25. Rh4 Raf8 26. Rd2 Qxd2 27. Qxd2 Rxf2 28. Qe3 R8f3 29. Qc1 Rf1 30. Bd1 Bd3+ 31. Ka1 Be2 0-1

[Event "Ruhrgebiet VL1 9900"]
[Site "Ruhrgebiet"]
[Date "2000.04.16"]
[Round "?"]
[White "Nowicki, Heiko"]
[Black "Schlange, Stefan"]
[Result "1/2-1/2"]
[WhiteElo "2110"]
[BlackElo "2256"]
[PlyCount "89"]
[EventDate "1999.09.19"]
[EventType "team-tourn"]
[EventRounds "9"]
[EventCountry "GER"]
[SourceTitle "EXT 2024"]
[Source "ChessBase"]
[SourceDate "2023.10.10"]
[SourceVersion "1"]
[SourceVersionDate "2023.10.10"]
[SourceQuality "1"]

1. e4 e5 2. Nf3 Nc6 3. Bb5 f5 4. Nc3 fxe4 5. Nxe4 Nf6 6. Nxf6+ Qxf6 7. 0-0 Nd4 8. Nxd4 exd4 9. b3 c6 10. Re1+ Kd8 11. Bd3 d5 12. Bb2 Bd6 13. c4 Rf8 14. Qe2 dxc4 15. bxc4 Kc7 16. Be4 Bd7 17. Rab1 Rae8 18. d3 h5 19. Qc2 h4 20. c5 Be5 21. Bc1 Re7 22. Qb2 Bc8 23. Rf1 h3 24. f4 g5 25. g3 Ref7 26. Bd2 gxf4 27. Bxf4 Bxf4 28. Rxf4 Qe5 29. Rxf7+ Rxf7 30. Qb4 Qf6 31. Qd2 Qe5 32. Qb4 Kb8 33. a4 Qf6 34. Qb2 Qe5 35. Qb4 Bg4 36. Re1 Qf6 37. Qb2 Re7 38. Rf1 Qg5 39. Qxd4 Rd7 40. Rf8+ Kc7 41. Qf2 Qc1+ 42. Qf1 Qxc5+ 43. Kh1 Qe3 44. Qf4+ Qxf4 45. Rxf4 1/2-1/2

[Event "Ruhrgebiet VL2 9899"]
[Site "Ruhrgebiet"]
[Date "1999.02.??"]
[Round "6"]
[White "Goralski, Christian"]
[Black "Nowicki, Heiko"]
[Result "1/2-1/2"]
[WhiteElo "2103"]
[BlackElo "2110"]
[PlyCount "31"]
[EventDate "1998.??.??"]
[EventType "team"]
[EventRounds "9"]
[EventCountry "GER"]
[SourceTitle "EXT 2002"]
[Source "ChessBase"]
[SourceDate "2001.11.25"]
[SourceVersion "1"]
[SourceVersionDate "2001.11.25"]
[SourceQuality "1"]

1. e4 c5 2. c3 Nf6 3. e5 Nd5 4. d4 cxd4 5. Nf3 Nc6 6. Bc4 Nb6 7. Bb3 g6 8. cxd4 Bg7 9. 0-0 d5 10. exd6 Qxd6 11. Be3 0-0 12. Nc3 Bg4 13. h3 Bxf3 14. Qxf3 Nxd4 15. Bxd4 Qxd4 16. Qxb7 1/2-1/2

[Event "Oberhausen op 5th"]
[Site "Oberhausen"]
[Date "1999.??.??"]
[Round "5"]
[White "Kedziora, Claus"]
[Black "Nowicki, Heiko"]
[Result "1-0"]
[WhiteElo "2279"]
[BlackElo "2110"]
[PlyCount "85"]
[EventDate "1999.??.??"]
[EventType "swiss"]
[EventRounds "7"]
[EventCountry "GER"]
[SourceTitle "EXT 2006"]
[Source "ChessBase"]
[SourceDate "2005.11.24"]
[SourceVersion "1"]
[SourceVersionDate "2005.11.24"]
[SourceQuality "1"]

1. e4 c5 2. Nf3 Nc6 3. d4 cxd4 4. Nxd4 Nf6 5. Nc3 e5 6. Ndb5 d6 7. a4 a6 8. Na3 Be6 9. Bc4 Nd4 10. Be3 Rc8 11. Bxe6 Nxe6 12. 0-0 Be7 13. f3 0-0 14. Nd5 Nxd5 15. Qxd5 Rc6 16. Rfd1 Bg5 17. Bf2 Nf4 18. Qb3 Qc7 19. c3 Kh8 20. Qc2 Qc8 21. Re1 Bd8 22. Rad1 f5 23. Rd2 fxe4 24. Qxe4 Qe6 25. Be3 Bb6 26. Nc2 Qb3 27. Qb4 Bxe3+ 28. Rxe3 Qf7 29. Rxd6 Rc4 30. Qa5 e4 31. Nd4 exf3 32. Nxf3 Nxg2 33. Kxg2 Rg4+ 34. Kf2 Qf4 35. Qe5 Qxa4 36. Rd4 Rxd4 37. Qxd4 Qc2+ 38. Re2 Qf5 39. Qe4 Qh3 40. Kg1 h6 41. Rf2 Rd8 42. Rf1 Rd6 43. Ne5 1-0

[Event "Ruhrgebiet VL2 9899"]
[Site "Ruhrgebiet"]
[Date "1999.??.??"]
[Round "?"]
[White "Kern, Guido"]
[Black "Nowicki, Heiko"]
[Result "1-0"]
[WhiteElo "2390"]
[BlackElo "2110"]
[PlyCount "99"]
[EventDate "1998.??.??"]
[EventType "team"]
[EventRounds "9"]
[EventCountry "GER"]
[SourceTitle "EXT 2002"]
[Source "ChessBase"]
[SourceDate "2001.11.25"]
[SourceVersion "1"]
[SourceVersionDate "2001.11.25"]
[SourceQuality "1"]

1. c4 g6 2. e4 Bg7 3. d4 d6 4. Nc3 Nc6 5. d5 Nd4 6. Be3 c5 7. Nge2 Qb6 8. Nxd4 cxd4 9. Na4 Qa5+ 10. Bd2 Qc7 11. Bd3 Nf6 12. h3 Nd7 13. f4 0-0 14. 0-0 b6 15. b4 a5 16. a3 Ba6 17. Rc1 Qa7 18. Nb2 Bc8 19. Ra1 Qc7 20. Kh1 e5 21. f5 gxf5 22. Rxf5 axb4 23. axb4 Rxa1 24. Qxa1 Nf6 25. Rf3 Nxe4 26. Bxe4 f5 27. Bc2 e4 28. Ra3 Be5 29. Ra7 Bb7 30. c5 bxc5 31. Nc4 Bg3 32. Na5 Rb8 33. Nc6 Rf8 34. bxc5 dxc5 35. Na5 Rb8 36. Be1 Be5 37. Qc1 Qg7 38. Nxb7 Rxb7 39. Rxb7 Qxb7 40. Qg5+ Qg7 41. Qxf5 e3 42. Qe6+ Qf7 43. Bxh7+ Kg7 44. Qxf7+ Kxf7 45. Bd3 Kf6 46. Kg1 Bf4 47. g3 Bd6 48. Kf1 Ke5 49. Bc4 Ke4 50. Ke2 1-0